000 01148cas a22002535 4500
001 L152496
008 110318c2009 xxkfr ws ss 0 a0eng u
035 _a(Sirsi) u152496
041 0 _aeng
050 _a333.33 $2 18
110 2 _aRoyal Institution of Chartered Surveyors
_bEconomics
_95033
245 0 0 _aRICS global distressed property monitor
_h[electronic resource]
260 _aLondon
_bRICS
_c2009-
362 0 _aAugust 2009-
490 0 _aRICS Global Distressed Property Monitor
_vAugust 2009-
520 _aThe RICS Global Distressed Property Monitor surveys levels of distressed commercial property coming to market across the globe with respondent statistics for over 25 countries.
554 _aFour per year
650 2 4 _aRICS GLOBAL DISTRESSED PROPERTY MONITOR
651 4 _aInternational
690 _aPROPERTY-COMMERCIAL PROPERTY-COMMERCIAL PROPERTY MARKET
856 4 0 _uhttps://www.rics.org/distressedpropertymonitor
_zView the latest issue free of charge at www.rics.org
856 4 0 _uhttps://www.rics.org/site/scripts/downloads.aspx?categoryID=706
_zView archive copies free of charge at www.rics.org
942 _n0
999 _c119317
_d119317